Дело по переданному третьим столом третьего отделения Департамента полиции исполнительной делу о переводе полкового штаба гусарс...

Доступно только в Электронных читальных залах Найти на картеНа карте
RUSMARC
00003888nmc2a2200000 x 450
0010c46b5de-c443-4060-907e-30a5eaa69705
00520171117225603.0
100##$a20160830l18461852k l0rusy0189 ca
1010#$arus
102##$aRU
2001#$aДело по переданному третьим столом третьего отделения Департамента полиции исполнительной делу о переводе полкового штаба гусарского его величества короля Виртембергского полка из города Старицы в город Тверь и об исправлении в этом последнем разных воинских помещений
$j4 марта 1846 г. - 13 ноября 1852 г.
251##$cДело
300##$aДело
801#0$aRU
$bРГИА
$c20160830
$gRCR
801#1$aRU
$bГлавНИВЦ
$c20160830
$2rusmarc
801#2$aRU
$bПБ им. Б.Н. Ельцина
$c20171117
$gRCR
$2rusmarc
850##$aРГИА
852##$aРГИА
$eФедеральное казенное учреждение "Российский государственный исторический архив" (РГИА)
$j1319
937##$hРГИА
$d12207025
$aASBIBLIO_SCAN
462#0$1001a27eaba9-7cb9-40a7-a26f-8911768d1c13
$12001
$a1846-1847 гг. Дела Департамента полиции исполнительной за 1846 г.
$1251
$cОпись
$1852
$j10
461#0$10013e300ed0-cd39-49af-8489-5ba5b90fa401
$12001
$aДепартамент полиции исполнительной МВД
$1251
$cФонд
$1852
$j1286
215##$a90 л.
$cплан.
$d36,5х26 см
371##$aДокумент не является опубликованным и широко распространяемым
105##$ae###
1222#$ad
035##$a0c46b5de-c443-4060-907e-30a5eaa69705
856##$uhttp://readingroom.main.prlib.ru/item.aspx?id_node=n109235792&mode=full
Формат отображения